00913cam a22002897a 4500003000500000005001700005008004100022010001000063011001000073035001000083040000900093082001200102100002100114245009200135260006900227300001700296410000800313490006800321500004200389650003000431650003000461650002700491700002000518710000900538810000800547830006800555CHAP20220817041418.0971013s r 00010 d a13695 a14667 a18741 cCHAP a333bB400aBeek, Klaas Jan. 0aEvaluación de tierras para la planificación del uso rural ; un método ecológico aSantiago :bFAO. Oficina Regional para América Latina,c(s.a.) a74 p. anexos aFAO 0aBoletín Latinoamericano sobre Fomento de Tierras y Aguasv; 3 aProyecto Regional FAO/PNUD RLA 70/45714aTierrasxAprovechamiento.14aTierrasxClasificación.14aTierrasxValoración.0 aBennema, Jakob.0 aFAO.0 aFAO0 aBoletín Latinoamericano sobre Fomento de Tierras y Aguasv; 3